| 000 | 01112cam a2200289 4500 | ||
|---|---|---|---|
| 008 | |||
| 020 | _a0120736500 (hbk.) | ||
| 049 | _aMAIN | ||
| 090 |
_aQR67.7 _bAUT |
||
| 245 | 0 | 0 |
_aAutomation, mechanization and data handling in microbiology / _cedited by Ann Baillie and R. J. Gilbert. |
| 260 |
_aLondon : _bAcademic Press, _c1970. |
||
| 300 |
_axiv, 233 p. : _bill. ; _c24 cm. |
||
| 440 |
_aSociety for Applied Bacteriology. Technical series ; _vno. 4. |
||
| 504 | _aIncludes bibliographical references. | ||
| 650 | 0 |
_aMicrobiology _xAutomation _xCongresses. |
|
| 650 | 0 |
_aInformation storage and retrieval systems _xMicrobiology _xCongresses. |
|
| 650 | 0 |
_aMicrobiology _xTechnique _xCongresses. |
|
| 700 | 1 | _aBaillie, Ann. | |
| 700 | 1 |
_aGilbert, R. J. _q(Richard John). |
|
| 710 | 2 | _aSociety for Applied Bacteriology. | |
| 710 | 1 |
_aLondon. _bUniversity. _bImperial College of Science and Technology. _bDept. of Biochemistry. |
|
| 907 |
_a.b10231705 _b07-11-12 _c14-02-07 |
||
| 003 | |||
| 005 | 20230120203943.0 | ||
| 040 | _cNUST | ||
| 942 |
_cBOOKS _kQR67.7 _mAUT |
||
| 999 |
_c114495 _d114495 |
||